• 首页
  • 本馆介绍
  • 公告通知
  • 最新文献
  • 馆藏检索
  • 电子资源
  • 读者导购
  • 参考咨询
  • 我的图书馆
  • 登录
  • 详细信息显示
  • 放入我的书架
  • 预约/预借图书
  • 作者相关作品
  • 分类相关作品
  • 丛书相关作品
  • 出版社相关作品

书目信息

  • 表格格式
  • 工作单格式
  • 卡片格式
题名:
养活教育
    
 
作者: 聂圣哲 著
分册:  
出版信息: 杭州   浙江文艺出版社  2020.06
页数: 240页
开本: 19cm
丛书名:
单 册:
中图分类: G78-53
科图分类:
主题词: 家庭教育--文集
电子资源:
ISBN: 978-7-5339-6123-7
000 00785nam0 2200229 450
001 0108153907
005 20210308154402.0
010    @a978-7-5339-6123-7@dCNY45.00
100    @a20200805d2020 em y0chiy50 ea
101 0  @achi
102    @aCN@b330000
105    @ag z 000yy
106    @ar
200 1  @a养活教育@Ayang huo jiao yu@f聂圣哲著
210    @a杭州@c浙江文艺出版社@d2020.06
215    @a240页@d19cm
330    @a本书内容包括:父母首先要过养活教育观念关、孩子养活教育的第一任老师是父母、没有养活教育人生就失去了根基、养活教育是其他教育的基础、受过养活教育的孩子有明显的优势、推行养活教育首先要教育父母等。
606 0  @a家庭教育@j文集
690    @aG78-53@v5
701  0 @a聂圣哲@Anie sheng zhe@4著
801  0 @aCN@bBJSZM@c20210308
905    @b1271906-10@dG78-53@e2542@f5
    
    养活教育/聂圣哲著.-杭州:浙江文艺出版社,2020.06
    240页;19cm
    
    
    ISBN 978-7-5339-6123-7:CNY45.00
    本书内容包括:父母首先要过养活教育观念关、孩子养活教育的第一任老师是父母、没有养活教育人生就失去了根基、养活教育是其他教育的基础、受过养活教育的孩子有明显的优势、推行养活教育首先要教育父母等。
●
相关链接 在E读中查询图书 在五车中查询图书 在当当中查询图书 在豆瓣中查询图书


正题名:养活教育     索取号:G78-53/2542         预约/预借

序号 登录号 条形码 馆藏地/架位号 状态 备注
1 1271906   212719067   第一样本阅览室/ [索取号:G78-53/2542] 在馆    
2 1271907   212719076   教育系资料室/ [索取号:G78-53/2542] 在馆    
3 1271908   212719085   教育系资料室/ [索取号:G78-53/2542] 在馆    
4 1271909   212719094   第四借阅区/ [索取号:G78-53/2542] 在馆    
5 1271910   212719101   第四借阅区/ [索取号:G78-53/2542] 在馆    
唐山师范学院图书馆 欢迎您!
大连网信软件有限公司© 版权所有